| 000 | 01265nam a2200409 i 4500 | ||
|---|---|---|---|
| 001 | 45196 | ||
| 003 | KOSZ 005 | ||
| 005 | 20221201105040.0 | ||
| 008 | 041212s1997 pl f f |000 0 pol d | ||
| 020 | _a8387493554 | ||
| 040 |
_cKOSZ 005 _aKOSZ 005 _dKOSZ 005/HR |
||
| 041 | 0 | _apol | |
| 046 | _k1997 | ||
| 080 | _a658.1/.5 | ||
| 080 | _a005.591.4 | ||
| 080 | _a338.24.021.8(438) | ||
| 080 | _a(07) | ||
| 100 | 1 |
_aNalepka Adam _d(1950- ) _eAutor |
|
| 245 | 1 | 0 |
_aZarys problematyki restrukturyzacji przedsiębiorstw / _cAdam Nalepka. |
| 260 |
_aKraków : _b"Antykwa", _c1998. |
||
| 300 |
_a238 s. ; _c21 cm. |
||
| 336 |
_2rdacontent _aTekst _btxt |
||
| 337 |
_2rdamedia _aBez urządzenia pośredniczącego _bn |
||
| 338 |
_2rdacarrier _aWolumin _bnc |
||
| 380 | _aKsiążki | ||
| 388 | _a1901-2000 | ||
| 388 | _a1989-2000 | ||
| 504 | _aBibliogr. | ||
| 650 | 4 | _aPrzedsiębiorstwo | |
| 650 | 4 | _aRestrukturyzacja przedsiębiorstwa | |
| 650 | 4 | _aZarządzanie zmianą | |
| 655 | 4 | _aPodręcznik | |
| 658 | _aZarządzanie i marketing | ||
| 710 | 2 | _aWydawnictwo Antykwa | |
| 856 |
_uhttp://koha.tu.koszalin.pl/cgi-bin/koha/opac-detail.pl?biblionumber=45196 _yKatalog online BPK |
||
| 942 |
_cKS _2UKD |
||
| 999 |
_c45196 _d45196 |
||